Women And Work (Record no. 194)
[ view plain ]
| 000 -LEADER | |
|---|---|
| fixed length control field | 00450nam a22001337a 4500 |
| 008 - FIXED-LENGTH DATA ELEMENTS--GENERAL INFORMATION | |
| fixed length control field | 230602b xxu||||| |||| 00| 0 eng d |
| 020 ## - INTERNATIONAL STANDARD BOOK NUMBER | |
| International Standard Book Number | 9789291423941 |
| 082 ## - DEWEY DECIMAL CLASSIFICATION NUMBER | |
| Classification number | 305.42 |
| Item number | IPU |
| 100 ## - MAIN ENTRY--PERSONAL NAME | |
| Titles and words associated with a name | Rick Jones |
| Dates associated with a name | 2005 |
| 245 ## - TITLE STATEMENT | |
| Title | Women And Work |
| Remainder of title | Seminar For Members Of Parliamentary Bodies Dealing With Gender Equality And Committees Addressing Labor Issues |
| Statement of responsibility, etc. | Senate Of The Philippines |
| 260 ## - PUBLICATION, DISTRIBUTION, ETC. (IMPRINT) | |
| Place of publication, distribution, etc. | Philippines |
| Date of publication, distribution, etc. | 2005 |
| 300 ## - PHYSICAL DESCRIPTION | |
| Extent | 131 pages |
| 942 ## - ADDED ENTRY ELEMENTS (KOHA) | |
| Source of classification or shelving scheme | Dewey Decimal Classification |
| Koha item type | Books |
| Withdrawn status | Lost status | Source of classification or shelving scheme | Damaged status | Not for loan | Home library | Current library | Date acquired | Total Checkouts | Full call number | Barcode | Date last seen | Price effective from | Koha item type |
|---|---|---|---|---|---|---|---|---|---|---|---|---|---|
| Dewey Decimal Classification | Bunge Tower Library | Bunge Tower Library | 06/02/2023 | 305.42 IPU | 10015703 | 06/02/2023 | 06/02/2023 | Books | |||||
| Dewey Decimal Classification | Bunge Tower Library | Bunge Tower Library | 06/02/2023 | 305.42 IPU | 10015704 | 06/02/2023 | 06/02/2023 | Books |
